|
|
|
|
| LEADER |
01356nam a2200337 i 4500 |
| 001 |
41511 |
| 003 |
BD-DhAAL |
| 008 |
230720r20212012bg b 001 0 eng d |
| 010 |
|
|
|a 2013315688
|
| 020 |
|
|
|a 9789842002748
|
| 025 |
|
|
|a B-E-2013-315688; 21-91
|
| 037 |
|
|
|b Library of Congress -- New Delhi Overseas Office
|
| 040 |
|
|
|a DLC
|b eng
|e rda
|c DLC
|d BD-DhAAL
|
| 042 |
|
|
|a lcode
|
| 043 |
|
|
|a a-ii---
|
| 050 |
0 |
0 |
|a HC437.B4
|b I85 2012
|
| 082 |
|
|
|a 330.954
|2 23
|
| 100 |
1 |
|
|a Islam, M. Mufakharul,
|e author.
|9 10278
|
| 245 |
1 |
3 |
|a An economic history of Bengal,
|n 1757-1947 /
|c M. Mufakharul Islam.
|
| 264 |
|
1 |
|a Dhaka :
|b Adorn Publication,
|c 2012 [reprinted 2021].
|
| 300 |
|
|
|a xv, 333 pages ;
|c 22 cm
|
| 504 |
|
|
|a Includes bibliographical references (pages 321-326) and index.
|
| 526 |
|
|
|a GenEd
|
| 541 |
|
|
|a Development Book Agency
|e 41511
|
| 651 |
|
0 |
|a Bengal (India)
|x Economic conditions
|y 18th century.
|9 13354
|
| 651 |
|
0 |
|a Bengal (India)
|x Economic conditions
|y 19th century.
|9 53887
|
| 651 |
|
0 |
|a Bengal (India)
|x Economic conditions
|y 20th century.
|9 40813
|
| 852 |
|
|
|a Ayesha Abed Library
|c General Stacks
|
| 942 |
|
|
|2 ddc
|c BK
|
| 999 |
|
|
|c 43186
|d 43186
|
| 952 |
|
|
|0 0
|1 0
|2 ddc
|4 0
|6 330_954000000000000_ISL
|7 0
|9 73940
|a SCL
|b SCL
|c GEN
|d 2023-07-12
|e Development Book Agency
|g 725.00
|l 1
|o 330.954 ISL
|p 3020041511
|r 2024-10-21
|s 2024-06-23
|t 1
|v 725.00
|w 2023-07-12
|y BK
|